000 00913nam a2200277Ia 4500
001 22461
003 GE_BSU
008 181216s||||||||xx |||||||||||||| ||und||
020 _aISBN: 0521276411 ISBN: 9780521276412
040 _cGE_BSU
080 _a81
100 _aGarman,Michael.
245 _aPsycholinguistics (Cambridge Textbooks in Linguistics)
245 _cGeneral editors: B.Comrie,R.Huddleston,R.Lass...And others
250 _aFirst publihend
260 _aCambridge
260 _bCambridge University Press,
260 _c1990
300 _a512p; ill; 22 cm.
300 _bINDEX OF NAMES:p.500-505;SUBJECT INDEX:p.506-512
541 _h159gel.
653 _aPsycholinguistics (Cambridge Textbooks in Linguistics)
653 _aლინგვისტიკა,ენათმეცნიერება
653 _aფსიქოლინგვისტიკა
942 _cBK
999 _c55383
_d55383